|
|
|
|
| LEADER |
00000cam a2200000 7i4500 |
| 001 |
0000008340 |
| 002 |
000009092 |
| 005 |
20000330.0 |
| 020 |
|
|
|a 9813051663
|
| 090 |
0 |
0 |
|a JF
|b BOO
|
| 245 |
0 |
0 |
|a Bookworm short stories 10
|
| 260 |
|
|
|a Singapore :
|b Bookworm ,
|c 1990
|
| 300 |
|
|
|a 75p. :
|b ill. ;
|c 21cm.
|
| 650 |
0 |
0 |
|a Children's stories
|
| 999 |
|
|
|a 047018
|b BUKU
|c PINJAMAN
|e PERPUSTAKAAN KOMUNITI PETALING JAYA
|
| 999 |
|
|
|a 050743
|b BUKU
|c PINJAMAN
|e PERPUSTAKAAN KOMUNITI PETALING JAYA
|
| 999 |
|
|
|a 050744
|b BUKU
|c PINJAMAN
|e PERPUSTAKAAN KOMUNITI PETALING JAYA
|
| 999 |
|
|
|a 050745
|b BUKU
|c PINJAMAN
|e PERPUSTAKAAN KOMUNITI PETALING JAYA
|